Generation X: Influential Movies - Statistics

General Stats
  • This quiz has been taken 222 times
  • The average score is 11 of 22
Answer Stats
Picture Answer % Correct
Breakfast Club
94%
The Goonies
88%
Wayne's World
85%
Stand by Me
76%
Bill & Ted's Excellent Adventure
68%
Pretty in Pink
67%
Sixteen Candles
60%
The Lost Boys
54%
War Games
54%
Clerks
53%
Fast Times at Ridgemont High
53%
Heathers
53%
The Outsiders
53%
Dazed and Confused
47%
St. Elmo's Fire
46%
Say Anything
41%
Do the Right Thing
38%
Empire Records
29%
Swingers
23%
Singles
19%
Reality Bites
18%
About Last Night
13%
No matching quizzes found
Score Distribution
Percent of People with Each Score
Percentile by Number Answered
Your Score History
You have not taken this quiz